000 00276nam a22001217a 4500
003 SGT
082 _a746.44
_bLEW
100 _aLEWIS, GARTH
245 _a2000 COLOR COMBINATIONS FOR GRAPHIC TEXTILE
260 _bBARRON'S PUBLISHER
_c2009
300 _a335
942 _2ddc
_cBK
_02
999 _c13518
_d13518